Chanteuses de A à Z en images - Statistiques

Statistiques générales
  • Ce quiz a été pris 3 244 fois
  • Le résultat moyen est 16 sur 25
Statistiques - réponses
Par images Hint Réponse % Correct
C Céline Dion
98%
B Beyoncé
97%
R Rihanna
95%
S Shakira
94%
T Taylor Swift
92%
Z Zazie
88%
L Lady Gaga
87%
K Katy Perry
86%
V Vitaa
85%
I Indila
84%
P P!nk
84%
D Dalida
83%
H Hoshi
81%
N Nolwenn Leroy
75%
M Madonna
73%
A Avril Lavigne
59%
W Whitney Houston
58%
O Olivia Ruiz
32%
F Fergie
31%
E Élodie Frégé
29%
J Janis Joplin
20%
G Geri Halliwell
12%
Q Queen Latifah
8%
X Xandee
1%
Y YUI
1%
Aucun quiz correspondant
Distribution des résultats
% des personnes avec chaque résultat
Percentile par nombre de réponses
Votre historique - résultats
Vous n’avez pas pris ce quiz